Mine safety science and engineering : (Record no. 535258)

000 -LEADER
fixed length control field 01477cam a22003618i 4500
001 - CONTROL NUMBER
control field 20948134
003 - CONTROL NUMBER IDENTIFIER
control field NUST
005 - DATE AND TIME OF LATEST TRANSACTION
control field 20200902105123.0
008 - FIXED-LENGTH DATA ELEMENTS--GENERAL INFORMATION
fixed length control field 190425s2020 nyu b 001 0 eng
010 ## - LIBRARY OF CONGRESS CONTROL NUMBER
LC control number 2019019126
020 ## - INTERNATIONAL STANDARD BOOK NUMBER
International Standard Book Number 9781138061491 (hardback : acidfree paper)
020 ## - INTERNATIONAL STANDARD BOOK NUMBER
Canceled/invalid ISBN 9781315162294 (ebook)
038 ## - RECORD CONTENT LICENSOR
Staff Name MSOHAIL
040 ## - CATALOGING SOURCE
Original cataloging agency DLC
Language of cataloging eng
Description conventions rda
Transcribing agency DLC
042 ## - AUTHENTICATION CODE
Authentication code pcc
050 00 - LIBRARY OF CONGRESS CALL NUMBER
Classification number TN295
Item number .T75 2020
082 00 - DEWEY DECIMAL CLASSIFICATION NUMBER
Classification number 622.8
Edition number 23
Author Mark TRI
100 1# - MAIN ENTRY--PERSONAL NAME
Personal name Tripathy, Debi Prasad,
Relator term author.
9 (RLIN) 29732
245 10 - TITLE STATEMENT
Title Mine safety science and engineering :
Remainder of title health and disaster management /
Statement of responsibility, etc. Debi Prasad Tripathy.
250 ## - EDITION STATEMENT
Edition statement First edition.
263 ## - PROJECTED PUBLICATION DATE
Projected publication date 1911
264 #1 - PRODUCTION, PUBLICATION, DISTRIBUTION, MANUFACTURE, AND COPYRIGHT NOTICE
Place of production, publication, distribution, manufacture New York, NY :
Name of producer, publisher, distributor, manufacturer CRC Press/Taylor & Francis Group,
Date of production, publication, distribution, manufacture, or copyright notice 2020.
300 ## - PHYSICAL DESCRIPTION
Extent pages cm
336 ## - CONTENT TYPE
Content type term text
Content type code txt
Source rdacontent
337 ## - MEDIA TYPE
Media type term unmediated
Media type code n
Source rdamedia
338 ## - CARRIER TYPE
Carrier type term volume
Carrier type code nc
Source rdacarrier
504 ## - BIBLIOGRAPHY, ETC. NOTE
Bibliography, etc. note Includes bibliographical references and index.
520 ## - SUMMARY, ETC.
Summary, etc. "Mine safety engineers promote and enforce mine safety and health by complying with the established safety standards, policies, guidelines and regulations. These innovative and practical methods for ensuring safe mining operations are discussed in this book including technological advancements in the field"--
Assigning source Provided by publisher.
650 #0 - SUBJECT ADDED ENTRY--TOPICAL TERM
Topical term or geographic name entry element Mine safety.
9 (RLIN) 29733
906 ## - LOCAL DATA ELEMENT F, LDF (RLIN)
a 7
b cbc
c orignew
d 1
e ecip
f 20
g y-gencatlg
942 ## - ADDED ENTRY ELEMENTS (KOHA)
Source of classification or shelving scheme
Koha item type Book
Holdings
Withdrawn status Lost status Source of classification or shelving scheme Damaged status Not for loan Permanent Location Current Location Date acquired Total Checkouts Full call number Barcode Date last seen Price effective from Koha item type
          Institute of Environmental Science and Engineering (IESE) Institute of Environmental Science and Engineering (IESE) 09/02/2020   622.8 TRI IESE-3958 09/02/2020 09/02/2020 Book
© 2023 Central Library, National University of Sciences and Technology. All Rights Reserved.